000 00576nam a2200193Ia 4500
005 20250508163111.0
008 008 250505s9999 xx 000 0 eng d
037 _aDissertations
040 _aFEDL
_beng
_cFEDL
041 _aeng
_2eng
084 _a370.1, HAS/DI
_qFEDL
100 _aHasan Nafis
_9774728
245 0 _aCase study of an islamic indigenous institution darul-uloom nadwat-ul-ulama
260 _c1985
300 _aiv,139p.
546 _aM. Ed. Dissertation (Delhi University)
942 _cDIS
_h370.1, HAS/DI
999 _c1380825
_d1380825